Rhode Island A-Z - Statistics

General Stats
  • This quiz has been taken 29 times
  • The average score is 16 of 25
Answer Stats
Clue Answer % Correct
B Ivy League school Brown
100%
O Official nickname: The _____ State Ocean
96%
N City known for Gilded Age mansions Newport
93%
Q Hard clam, or a fictional city Quahog
89%
A 1930–1983 sailing race: ______'s Cup America
85%
Z Roger Williams Park ___ Zoo
81%
P Former name: State of Rhode Island and Providence ________s Plantation
78%
U Bryant in Smithfield is a... University
78%
V Family that owned "The Breakers" Vanderbilt
78%
I Aquidneck, Conanicut, etc. Islands
70%
R Another state nickname: Little _____ Rhody
70%
T Hall of Fame located in Rhode Island Tennis
70%
C City formerly known as "Pawtuxet" Cranston
67%
J Slang term for chocolate sprinkles Jimmies
67%
K County with East Greenwich as its seat Kent
67%
G Major airport in Warwick: T.F. _____ Green
63%
L Beverage Del's is known for Lemonade
63%
M Church where Jacqueline Bouvier and JFK married: St. ____'s Church Mary
63%
F Italian neighborhood: ______ Hill Federal
48%
W City with the CVS headquarters Woonsocket
48%
Y Only ski resort: ______ Valley Yawgoo
37%
H Woman who co-founded Portsmouth Hutchinson
33%
S First successful U.S. textile mill Slater
33%
D Attempted rebellion from 1841–1842 Dorr
19%
E Edward J. Berwind residence: The ____ Elms
15%
No matching quizzes found
Score Distribution
Percent of People with Each Score
Percentile by Number Answered
Your Score History
You have not taken this quiz